<?xml version="1.0" encoding="UTF-8"?>
<record
    xmlns:xsi="http://www.w3.org/2001/XMLSchema-instance"
    xsi:schemaLocation="http://www.loc.gov/MARC21/slim http://www.loc.gov/standards/marcxml/schema/MARC21slim.xsd"
    xmlns="http://www.loc.gov/MARC21/slim">

  <leader>01042nam2a2200241   4500</leader>
  <controlfield tag="001">RU\NLR\BIBL_A\011705933</controlfield>
  <controlfield tag="005">20250128194045.0</controlfield>
  <datafield tag="010" ind1=" " ind2=" ">
    <subfield code="a">978-5-295-06829-4</subfield>
    <subfield code="b">(&#x442;. 4)</subfield>
    <subfield code="9">1500</subfield>
  </datafield>
  <datafield tag="021" ind1=" " ind2=" ">
    <subfield code="a">RU</subfield>
    <subfield code="b">&#x41A;&#x41D;-&#x41F;-18-021910</subfield>
    <subfield code="9">&#x41A;&#x41D;-&#x41F;-18-1594</subfield>
  </datafield>
  <datafield tag="035" ind1=" " ind2=" ">
    <subfield code="a">(NLR Aleph) 011705933</subfield>
  </datafield>
  <datafield tag="090" ind1=" " ind2=" ">
    <subfield code="a">13416940</subfield>
    <subfield code="c">13416940</subfield>
  </datafield>
  <datafield tag="100" ind1=" " ind2=" ">
    <subfield code="a">20180517d2018    m  y0rusy50      ca</subfield>
  </datafield>
  <datafield tag="101" ind1="0" ind2=" ">
    <subfield code="a">bak</subfield>
  </datafield>
  <datafield tag="102" ind1=" " ind2=" ">
    <subfield code="a">RU</subfield>
  </datafield>
  <datafield tag="105" ind1=" " ind2=" ">
    <subfield code="a">y   z   000 y</subfield>
  </datafield>
  <datafield tag="200" ind1="1" ind2=" ">
    <subfield code="a">[&#x41C;&#x4D9;&#x4A1;&#x4D9;&#x43B;&#x4D9;&#x43B;&#x4D9;&#x440;, &#x438;&#x4AB;&#x442;&#x4D9;&#x43B;&#x435;&#x43A;&#x442;&#x4D9;&#x440;, &#x43F;&#x44C;&#x435;&#x441;&#x430;&#x43B;&#x430;&#x440;]</subfield>
    <subfield code="f">&#x442;&#x4E9;&#x437;. &#x410;. &#x418;. &#x4D8;&#x431;&#x434;&#x435;&#x43B;&#x43D;&#x4D9;&#x493;&#x438;&#x43C;&#x43E;&#x432;</subfield>
  </datafield>
  <datafield tag="210" ind1=" " ind2=" ">
    <subfield code="d">2018</subfield>
  </datafield>
  <datafield tag="215" ind1=" " ind2=" ">
    <subfield code="a">429,[2] &#x431;.</subfield>
    <subfield code="c">&#x43F;&#x43E;&#x440;&#x442;&#x440;.</subfield>
  </datafield>
  <datafield tag="461" ind1=" " ind2="0">
    <subfield code="1">001RU\NLR\bibl\1308106</subfield>
    <subfield code="1">2001#$a&#x418;&#x437;&#x431;&#x440;&#x430;&#x43D;&#x43D;&#x44B;&#x435; &#x43F;&#x440;&#x43E;&#x438;&#x437;&#x432;&#x435;&#x434;&#x435;&#x43D;&#x438;&#x44F;$e[&#x432; 3 &#x442;.]$f&#x41D;&#x430;&#x437;&#x430;&#x440; &#x41D;&#x430;&#x434;&#x436;&#x43C;&#x438;$v&#x422;. 4</subfield>
    <subfield code="1">700#1$3RU\NLR\AUTH\77508$a&#x41D;&#x430;&#x434;&#x436;&#x43C;&#x438;$b&#x41D;.$f1918-1999$g&#x41D;&#x430;&#x437;&#x430;&#x440;$4070</subfield>
    <subfield code="9">899796</subfield>
    <subfield code="a">&#x41D;&#x430;&#x434;&#x436;&#x43C;&#x438;, &#x41D;. (1918-1999)</subfield>
    <subfield code="c">&#x423;&#x444;&#x430;</subfield>
    <subfield code="d">2008</subfield>
    <subfield code="f">&#x41D;&#x430;&#x437;&#x430;&#x440; &#x41D;&#x430;&#x434;&#x436;&#x43C;&#x438;</subfield>
    <subfield code="n">&#x41A;&#x438;&#x442;&#x430;&#x43F;</subfield>
    <subfield code="o">[&#x432; 3 &#x442;.]</subfield>
    <subfield code="t">&#x418;&#x437;&#x431;&#x440;&#x430;&#x43D;&#x43D;&#x44B;&#x435; &#x43F;&#x440;&#x43E;&#x438;&#x437;&#x432;&#x435;&#x434;&#x435;&#x43D;&#x438;&#x44F;</subfield>
    <subfield code="v">&#x422;. 4</subfield>
  </datafield>
  <datafield tag="852" ind1=" " ind2=" ">
    <subfield code="a">NLR</subfield>
    <subfield code="b">&#x41E;&#x41D;&#x41B;</subfield>
    <subfield code="j">&#x411;&#x430;&#x448;&#x43A;./3-5082</subfield>
  </datafield>
  <datafield tag="942" ind1=" " ind2=" ">
    <subfield code="c">BOOK</subfield>
  </datafield>
  <datafield tag="980" ind1=" " ind2=" ">
    <subfield code="a">NB</subfield>
  </datafield>
  <datafield tag="995" ind1=" " ind2=" ">
    <subfield code="5">2018-05-17</subfield>
    <subfield code="a">ad</subfield>
    <subfield code="b">NLR01</subfield>
    <subfield code="c">NLR01</subfield>
    <subfield code="e">ONL</subfield>
    <subfield code="f">1-1454042</subfield>
    <subfield code="k">&#x41E;&#x41D;&#x41B; &#x411;&#x430;&#x448;&#x43A;./3-5082</subfield>
    <subfield code="o">0</subfield>
    <subfield code="r">BOOK</subfield>
    <subfield code="s">_35082</subfield>
  </datafield>
</record>
